| 000 | 01034nam a22003017a 4500 | ||
|---|---|---|---|
| 001 | BR6004114 | ||
| 003 | BR-BrBNA | ||
| 005 | 20230928083202.0 | ||
| 007 | ta | ||
| 008 | 230509b bl.||||| |||| 00| 0 por d | ||
| 040 |
_aBR-BrBNA _bpor _cBiblioteca Nacional de Agricultura |
||
| 041 | _a(Por) | ||
| 072 |
_aE10; E50 _b/G514 |
||
| 090 | _ E10 BR6004114 | ||
| 110 | 1 | _aSecretaria de Estado dos Negocios da Agricultura, Sao Paulo, SP (Brasil) | |
| 245 | 1 |
_aPlano de loteamento e colonizacao da area denominada fazenda Santa Helena municipio de Marilia estado de Sao Paulo - Brasil _bAplicacao da revisao agraria lei n. 5994 de 31 de dezembro de 1960 |
|
| 260 | 3 |
_aSao Paulo, SP (Brasil): _c1961. |
|
| 300 | _a231 p. | ||
| 500 | _aNumerical data; Bibliography p. 178-180 | ||
| 650 | _aMacroeconomia | ||
| 650 | _aSociologia rural | ||
| 650 | _aReforma agraria | ||
| 650 | _aDistribuicao de Terra | ||
| 650 | _aPlanejamento agricola | ||
| 650 | _aComunidade rural | ||
| 909 |
_a202309 _bLucia _c55 _dLucia Elande |
||
| 942 | _cBK | ||
| 999 |
_c12032 _d12032 |
||